| 000 | 01714cam a2200385 i 4500 | ||
|---|---|---|---|
| 999 |
_c2392 _d2392 |
||
| 001 | 17943831 | ||
| 003 | GZU | ||
| 005 | 20201029105638.0 | ||
| 008 | 131115t20132013enk b 001 0 eng | ||
| 010 | _a 2013043933 | ||
| 020 | _a9781137358080 (hardcover) | ||
| 020 | _a1137358084 (hardcover) | ||
| 020 | _a9781137358097 (paperback) | ||
| 020 | _a1137358092 (paperback) | ||
| 040 |
_aDLC _beng _cDLC _erda _dDLC |
||
| 042 | _apcc | ||
| 043 | _ae-uk--- | ||
| 050 | 0 | 0 |
_aHV6439.G7 _bH35 2013 |
| 082 | 0 | 0 |
_a364.106/60941 _223 |
| 100 | 1 |
_aHallsworth, Simon, _eauthor. |
|
| 245 | 1 | 4 |
_aThe gang and beyond : _binterpreting violent street worlds / _cSimon Hallsworth, Professor of Sociology and Head of School of Applied Social Sciences, University Campus Suffolk. |
| 264 | 1 |
_aHoundmills, Basingstoke, Hampshire ; _aNew York, NY : _bPalgrave Macmillan, _c2013. |
|
| 264 | 4 | _c©2013 | |
| 300 |
_avii, 215 pages ; _c23 cm |
||
| 337 |
_aunmediated _2rdamedia |
||
| 338 |
_avolume _2rdacarrier |
||
| 338 |
_avolume _2rdacarrier |
||
| 504 | _aIncludes bibliographical references (pages 199-208) and index. | ||
| 505 | 0 | _aIntroduction -- Gangs, weapons and violence -- The fists and the fury : my life in a sea of gangs -- Deciphering gang talk -- Moral panic and industry -- Arborialism and rhizomatics -- Back to the street -- Continuities and discontinuities in urban violence -- Bibliography -- Notes. | |
| 650 | 0 |
_aGangs _zGreat Britain. |
|
| 650 | 0 |
_aYouth and violence _zGreat Britain. |
|
| 906 |
_a7 _bcbc _corignew _d1 _eecip _f20 _gy-gencatlg |
||
| 942 |
_2lcc _cBK _h6437 _iHAL _kHV _m2013 |
||